Holiday Quiz

Random Holiday or Clickable Quiz

Ruined By A Letter: Christmas Songs Quiz Stats

 Plays Quiz Updated Dec 25, 2019

Support Sporcle.
Go Orange.
Score 0/24 Timer 04:00
2 Plays Today
% Correct
Y
95%
T
94.9%
N
94.9%
V
94.8%
J
94.8%
K
94.7%
H
94.6%
W
94.2%
S
94.2%
L
94.1%
R
94%
D
94%
% Correct
A
93.7%
G
93.7%
O
93.3%
B
93%
M
92.4%
C
90.1%
P
90%
E
89.8%
F
88.5%
Z
88.1%
I
88%
U
88%

You're not logged in!

Compare scores with friends on all Sporcle quizzes.
OR
Log In

From the Vault

Actors & Actresses by Movie: 'D'

by kfastic

This is one 'D' list that these actors can be proud of.
Remove Ads.
Support Sporcle.
Get the best of Sporcle when you Go Orange. This ad-free experience offers more features, more stats, and more fun while also helping to support Sporcle. Thank you for becoming a member.

Show Comments

Extras

Top Quizzes Today


Score Distribution

Your Account Isn't Verified!

In order to create a playlist on Sporcle, you need to verify the email address you used during registration. Go to your Sporcle Settings to finish the process.

Report this User

Report this user for behavior that violates our Community Guidelines.

Details: